|
|
|
|
| LEADER |
00000nam2a2200000 4500 |
| 001 |
324169 |
| 005 |
20231102003637.0 |
| 035 |
|
|
|a (RuTPU)RU\TPU\book\349766
|
| 035 |
|
|
|a RU\TPU\book\268323
|
| 035 |
|
|
|a RU\TPU\book\349546
|
| 090 |
|
|
|a 324169
|
| 100 |
|
|
|a 20131211d1949 k y0rusy50 ca
|
| 101 |
0 |
|
|a rus
|
| 102 |
|
|
|a RU
|
| 105 |
|
|
|a a z 001zy
|
| 200 |
0 |
|
|a № 131
|e [сборник статей]
|f отв. ред. И. И. Жуков
|
| 210 |
|
|
|d 1949
|
| 215 |
|
|
|a 116 с.
|c ил.
|
| 225 |
1 |
|
|a Серия химических наук
|v Вып. 9
|
| 320 |
|
|
|a Библиогр. в конце ст.
|
| 461 |
|
1 |
|0 (RuTPU)RU\TPU\book\347780
|t Ученые записки [Ленинградского государственного университета]
|o сборник статей
|f Ленинградский государственный университет (ЛГУ)
|v № 131
|d 1937-
|
| 606 |
1 |
|
|a Химия
|2 stltpush
|3 (RuTPU)RU\TPU\subj\17362
|9 43035
|
| 610 |
1 |
|
|a адсорбция
|
| 610 |
1 |
|
|a закон действия масс
|
| 610 |
1 |
|
|a числа переноса
|
| 610 |
1 |
|
|a поверхностно-активные вещества
|
| 610 |
1 |
|
|a пористость
|
| 675 |
|
|
|a 54
|v 3
|
| 702 |
|
1 |
|a Жуков
|b И. И.
|4 340
|
| 801 |
|
1 |
|a RU
|b 63413507
|c 20161109
|
| 801 |
|
2 |
|a RU
|b 63413507
|c 20190116
|g RCR
|
| 942 |
|
|
|c BK
|